Scoping study for offshore wind farm development in Scottish waters (Record no. 112978)
[ view plain ]
| 000 -LEADER | |
|---|---|
| fixed length control field | 01053cad a22002415a 4500 |
| 001 - CONTROL NUMBER | |
| control field | E154413 |
| 008 - FIXED-LENGTH DATA ELEMENTS--GENERAL INFORMATION | |
| fixed length control field | 111129s2011 xxk g 000 0 eng d |
| 020 ## - INTERNATIONAL STANDARD BOOK NUMBER | |
| International Standard Book Number | 9781780455280 |
| 022 1# - INTERNATIONAL STANDARD SERIAL NUMBER | |
| International Standard Serial Number | 2043-7722 |
| 035 ## - SYSTEM CONTROL NUMBER | |
| System control number | (Sirsi) u154413 |
| 041 0# - LANGUAGE CODE | |
| Language code of text/sound track or separate title | eng |
| 100 1# - MAIN ENTRY--PERSONAL NAME | |
| Personal name | Davies, Ian M. |
| 245 00 - TITLE STATEMENT | |
| Title | Scoping study for offshore wind farm development in Scottish waters |
| Medium | [electronic resource] |
| 260 ## - PUBLICATION, DISTRIBUTION, ETC. | |
| Place of publication, distribution, etc. | Edinburgh |
| Name of publisher, distributor, etc. | Scottish Government |
| Date of publication, distribution, etc. | 2011 |
| 490 #0 - SERIES STATEMENT | |
| Series statement | Scottish Marine and Freshwater Science |
| Volume/sequential designation | 2 (13) 2011 |
| 520 ## - SUMMARY, ETC. | |
| Summary, etc. | Sets out how Marine Scotland and the Crown Estate will develop offshore wind energy in Scottish territorial waters, and also considers possibilities for such developments outside Scottish territorial waters out to 200 nautical miles. |
| 590 ## - LOCAL NOTE (RLIN) | |
| Local note | KA |
| 651 #4 - SUBJECT ADDED ENTRY--GEOGRAPHIC NAME | |
| Geographic name | Scotland |
| Chronological subdivision | 1999- |
| 690 ## - LOCAL SUBJECT ADDED ENTRY--TOPICAL TERM (OCLC, RLIN) | |
| Topical term or geographic name as entry element | ENVIRONMENTAL AND LAND CONSULTANCY-ENERGY-RENEWABLE ENERGY |
| 700 1# - ADDED ENTRY--PERSONAL NAME | |
| Personal name | Watret, Robert |
| 856 40 - ELECTRONIC LOCATION AND ACCESS | |
| Uniform Resource Identifier | <a href="https://www.scotland.gov.uk/Publications/2011/11/28104658/0">https://www.scotland.gov.uk/Publications/2011/11/28104658/0</a> |
| Public note | View the report free of charge at www.scotland.gov.uk |
| 942 ## - ADDED ENTRY ELEMENTS (KOHA) | |
| Suppress in OPAC | 0 |
| Withdrawn status | Lost status | Source of classification or shelving scheme | Damaged status | Not for loan | Home library | Current library | Shelving location | Date acquired | Total Checkouts | Full call number | Barcode | Date last seen | Copy number | Price effective from | Koha item type |
|---|---|---|---|---|---|---|---|---|---|---|---|---|---|---|---|
| Dewey Decimal Classification | Virtual | Virtual | Online | 29/11/2011 | ONLINE PUBLICATION | 154413-2001 | 06/08/2019 | 1 | 06/08/2019 | Book |